Countries Names in Half #1 - Statistics

General Stats
  • This quiz has been taken 124 times
  • The average score is 15 of 21
Answer Stats
Halves Country % Correct
CAN Canada
100%
CHI China | Chile
99%
RUS Russia | Cyprus
99%
AUST Austria
98%
BARB Barbados
87%
CAME Cameroon
83%
LA Laos
82%
MA Mali
73%
MON Monaco
73%
SRIL Sri Lanka
71%
AICA Jamaica
67%
BEL Belize
66%
CH Chad
65%
OUTI Djibouti
64%
RGIA Georgia
64%
RU Peru
60%
URAS Honduras
58%
ATIA Croatia
57%
DEN Sweden
54%
ALU Tuvalu
53%
AINE Ukraine
46%
No matching quizzes found
Score Distribution
Percent of People with Each Score
Percentile by Number Answered
Your Score History
You have not taken this quiz